| 000 | 00371pam a2200157a 44500 | ||
|---|---|---|---|
| 008 | 230515b1998 xxu||||| |||| 00| 0 eng d | ||
| 020 | _aNULL | ||
| 041 | _aENGLISH | ||
| 082 | _a610.73076 | ||
| 100 | _aLOIS WHITE & GENA DUNCAN | ||
| 245 | _aMEDICAL SURGICAL NURSING | ||
| 250 | _a0 | ||
| 260 |
_a _bDELMAR THOMSON LEARNING _c1998 |
||
| 300 | _a1137 | ||
| 650 | _aNULL | ||
| 999 |
_c525378 _d525378 |
||